[Event "Manizales Feria op 29th"]
[Site "Manizales"]
[Date "2024.01.07"]
[Round "5"]
[White "Valderrama Castano, Julian Camilo"]
[Black "Dabraccio, Guillermo"]
[Result "1-0"]
[WhiteElo "1888"]
[BlackElo "1555"]
[PlyCount "55"]
[EventDate "2024.01.05"]
[EventType "swiss"]
[EventRounds "7"]
[EventCountry "COL"]
[SourceTitle "CB02_2024"]
[SourceDate "2024.01.10"]
[SourceVersion "1"]
[SourceVersionDate "2024.01.10"]
[SourceQuality "1"]

1. e4 c5 2. Nc3 a6 3. f4 e6 4. Nf3 Qc7 5. g3 d6 6. Bg2 Nd7 7. d4 cxd4 8. Qxd4 Ne7 9. Be3 Nc6 10. Qd3 b5 11. 0-0-0 Nb4 12. Qe2 Bb7 13. f5 Be7 14. fxe6 fxe6 15. Nd4 Nc5 16. Qg4 0-0 17. Nxe6 Nxe6 18. Qxe6+ Kh8 19. a3 Rf6 20. Qb3 Nc6 21. Nd5 Na5 22. Nxc7 Nxb3+ 23. Kb1 Rc8 24. Nxa6 Na5 25. e5 Bxg2 26. exf6 Bxh1 27. fxe7 Nc4 28. Rxh1 1-0

[Event "Manizales Feria op 29th"]
[Site "Manizales"]
[Date "2024.01.06"]
[Round "3"]
[White "Valderrama Castano, Julian Camilo"]
[Black "Bolanos Lopez, Juan Jacobo"]
[Result "0-1"]
[WhiteElo "1888"]
[BlackElo "2039"]
[PlyCount "94"]
[EventDate "2024.01.05"]
[EventType "swiss"]
[EventRounds "7"]
[EventCountry "COL"]
[SourceTitle "CB02_2024"]
[SourceDate "2024.01.10"]
[SourceVersion "1"]
[SourceVersionDate "2024.01.10"]
[SourceQuality "1"]

1. e4 c5 2. Nc3 Nc6 3. f4 g6 4. Nf3 Bg7 5. Be2 d6 6. 0-0 Nf6 7. Qe1 Nd4 8. Bd1 0-0 9. d3 Bg4 10. Qf2 Bxf3 11. Bxf3 Rb8 12. g4 b5 13. Bd1 b4 14. Nb1 Nd7 15. c3 bxc3 16. Nxc3 Nb5 17. Nxb5 Rxb5 18. Bb3 a5 19. Qh4 e6 20. g5 Nb6 21. f5 exf5 22. exf5 gxf5 23. Rxf5 a4 24. Bxf7+ Rxf7 25. Rxf7 Kxf7 26. Qxh7 Qe7 27. Bd2 Ke8 28. Re1 Bd4+ 29. Kg2 Be5 30. Qg6+ Kd8 31. Bc3 Nd7 32. h4 Kc7 33. Qe4 Qf7 34. Qxa4 Bxc3 35. Re2 Qd5+ 36. Kf2 Bd4+ 37. Kg3 Be5+ 38. Kf2 Qd4+ 39. Qxd4 Bxd4+ 40. Kf3 Ne5+ 41. Ke4 Kd7 42. b3 Ke6 43. h5 Rb4 44. Kf4 Bg1+ 45. Re4 d5 46. Rxb4 Nxd3+ 47. Kf3 cxb4 0-1

[Event "Manizales Feria op 29th"]
[Site "Manizales"]
[Date "2024.01.06"]
[Round "2"]
[White "Zuluaga, Nicolas"]
[Black "Valderrama Castano, Julian Camilo"]
[Result "0-1"]
[WhiteElo "1611"]
[BlackElo "1888"]
[PlyCount "58"]
[EventDate "2024.01.05"]
[EventType "swiss"]
[EventRounds "7"]
[EventCountry "COL"]
[SourceTitle "CB02_2024"]
[SourceDate "2024.01.10"]
[SourceVersion "1"]
[SourceVersionDate "2024.01.10"]
[SourceQuality "1"]

1. d4 f5 2. Bg5 h6 3. Bh4 g5 4. Bg3 Bg7 5. e3 Nf6 6. Bd3 d6 7. Nd2 0-0 8. c3 Nc6 9. Qc2 Qd7 10. Ne2 e5 11. 0-0-0 e4 12. Bc4+ d5 13. Bb3 b5 14. h4 g4 15. a3 a5 16. Nf4 b4 17. axb4 axb4 18. c4 Ra1+ 19. Nb1 Na5 20. cxd5 Bb7 21. d6+ Kh7 22. Be6 Qxd6 23. Bxf5+ Kg8 24. Ne6 Qd5 25. Nxf8 Bxf8 26. Qxc7 Qxf5 27. Kc2 Ba6 28. Qb8 Qd5 29. Nc3 Qb3+ 0-1

[Event "Manizales Feria op 29th"]
[Site "Manizales"]
[Date "2024.01.05"]
[Round "1"]
[White "Valderrama Castano, Julian Camilo"]
[Black "Diaz Uchima, Emmanuel Santiago"]
[Result "1-0"]
[WhiteElo "1888"]
[BlackElo "1234"]
[PlyCount "39"]
[EventDate "2024.01.05"]
[EventType "swiss"]
[EventRounds "7"]
[EventCountry "COL"]
[SourceTitle "CB02_2024"]
[SourceDate "2024.01.10"]
[SourceVersion "1"]
[SourceVersionDate "2024.01.10"]
[SourceQuality "1"]

1. e4 c5 2. Nc3 Nc6 3. Nge2 e5 4. Nd5 Nf6 5. Nec3 d6 6. g3 Be6 7. Bg2 a6 8. a4 g6 9. 0-0 Bg7 10. d3 0-0 11. Bg5 Re8 12. a5 Na7 13. Qf3 Bxd5 14. Nxd5 Re6 15. Bh3 Re8 16. Nxf6+ Bxf6 17. Bxf6 Qc7 18. Qe3 Qd8 19. Bxd8 Raxd8 20. f4 1-0

[Event "COL-ch U2000"]
[Site "Pereira"]
[Date "2022.02.17"]
[Round "3"]
[White "Lopez Ramirez, Daniel Giovanny"]
[Black "Valderrama Castano, Julian Camilo"]
[Result "1-0"]
[WhiteElo "1876"]
[BlackElo "1958"]
[PlyCount "61"]
[EventDate "2022.02.16"]
[EventType "swiss"]
[EventRounds "9"]
[EventCountry "COL"]
[SourceTitle "CBM 207 Extra"]
[Source "ChessBase"]
[SourceDate "2022.05.31"]
[SourceVersion "1"]
[SourceVersionDate "2022.05.31"]
[SourceQuality "1"]

1. Nf3 f5 2. d3 Nc6 3. e4 e5 4. d4 exd4 5. Nxd4 Nxd4 6. Qxd4 Qe7 7. Nc3 fxe4 8. Nd5 Qd8 9. Qe5+ Be7 10. Nxc7+ Kf8 11. Nxa8 Bf6 12. Qc7 Qe8 13. Bf4 Bxb2 14. Bd6+ Ne7 15. Bxe7+ Kxe7 16. Rd1 Qh5 17. Be2 Qe5 18. 0-0 Rf8 19. Bg4 h5 20. Qxe5+ Bxe5 21. Bxh5 Rh8 22. f4 exf3 23. Bxf3 Bxh2+ 24. Kf2 Be5 25. Rfe1 Kf6 26. Rxe5 Kxe5 27. Rd5+ Kf6 28. Nc7 Rh4 29. Rh5 Ra4 30. Rh8 Rxa2 31. Nd5+ 1-0

[Event "Ibague op"]
[Site "Ibague"]
[Date "2021.10.23"]
[Round "7"]
[White "Castillo Gonzalez, Manuel Felipe"]
[Black "Valderrama Castano, Julian Camilo"]
[Result "0-1"]
[WhiteElo "1388"]
[BlackElo "1923"]
[PlyCount "72"]
[EventDate "2021.10.20"]
[EventType "swiss"]
[EventRounds "9"]
[EventCountry "COL"]
[SourceTitle "CBM 204 Extra"]
[Source "ChessBase"]
[SourceDate "2021.11.30"]
[SourceVersion "1"]
[SourceVersionDate "2021.11.30"]
[SourceQuality "1"]

1. e4 e6 2. Nf3 d5 3. e5 c5 4. d4 cxd4 5. Qxd4 Nc6 6. Qd1 Qc7 7. Bf4 Nge7 8. Bd3 Ng6 9. Bxg6 hxg6 10. Nc3 Bb4 11. Qd3 a6 12. a3 Be7 13. Ne2 g5 14. Bxg5 Nxe5 15. Nxe5 Qxe5 16. Bxe7 Qxb2 17. 0-0 Kxe7 18. c3 Qb6 19. Nf4 Qd6 20. Qg3 Bd7 21. Rfd1 Bc6 22. c4 d4 23. Qg5+ Kf8 24. c5 Qd8 25. Qe5 Qh4 26. h3 g5 27. Ne2 Bxg2 28. Qg3 Qxg3 29. Nxg3 Bc6 30. Rxd4 Rxh3 31. Kf1 Rh4 32. Rad1 Ke7 33. Ke2 Rxd4 34. Rxd4 Rd8 35. Rxd8 Kxd8 36. Kd3 f6 0-1

[Event "Ibague op"]
[Site "Ibague"]
[Date "2021.10.22"]
[Round "6"]
[White "Valderrama Castano, Julian Camilo"]
[Black "Pazos Gambarrotti, Plinio Efrain"]
[Result "0-1"]
[WhiteElo "1923"]
[BlackElo "2066"]
[PlyCount "54"]
[EventDate "2021.10.20"]
[EventType "swiss"]
[EventRounds "9"]
[EventCountry "COL"]
[SourceTitle "CBM 204 Extra"]
[Source "ChessBase"]
[SourceDate "2021.11.30"]
[SourceVersion "1"]
[SourceVersionDate "2021.11.30"]
[SourceQuality "1"]

1. e4 e5 2. Nf3 Nc6 3. Bc4 Nf6 4. Ng5 d5 5. exd5 Na5 6. Bb5+ c6 7. dxc6 bxc6 8. Be2 h6 9. Nf3 e4 10. Ne5 Bd6 11. d4 exd3 12. Nxd3 Qc7 13. Nd2 0-0 14. Nf1 c5 15. c3 Bb7 16. Ne3 Rad8 17. Qa4 Rfe8 18. Bd2 Ne4 19. 0-0-0 c4 20. Nb4 Nxf2 21. Nbd5 Qc5 22. Bf3 Nxh1 23. Rxh1 Re5 24. b4 cxb3 25. c4 Bxd5 26. Qxa5 Qxa5 27. Bxa5 Bxf3 0-1

[Event "Ibague op"]
[Site "Ibague"]
[Date "2021.10.21"]
[Round "3"]
[White "Pena Flechas, Luis Orlando"]
[Black "Valderrama Castano, Julian Camilo"]
[Result "0-1"]
[WhiteElo "1489"]
[BlackElo "1923"]
[PlyCount "84"]
[EventDate "2021.10.20"]
[EventType "swiss"]
[EventRounds "9"]
[EventCountry "COL"]
[SourceTitle "CBM 204 Extra"]
[Source "ChessBase"]
[SourceDate "2021.11.30"]
[SourceVersion "1"]
[SourceVersionDate "2021.11.30"]
[SourceQuality "1"]

1. e4 e6 2. d4 d5 3. Nc3 Bb4 4. e5 c5 5. Be3 cxd4 6. Bxd4 Nc6 7. Bb5 Nge7 8. Nge2 0-0 9. 0-0 Qc7 10. a3 Nxd4 11. Qxd4 Bc5 12. Qd2 Qxe5 13. b4 Bb6 14. Na4 Bc7 15. Ng3 Ng6 16. Rfe1 Qf6 17. Nh5 Qh4 18. Ng3 f5 19. Nf1 Rd8 20. Qc3 Bd6 21. Rad1 Qf6 22. Qxf6 gxf6 23. Ng3 f4 24. Ne2 Kf7 25. Nc1 Bd7 26. Bxd7 Rxd7 27. Nb3 Be5 28. c4 b6 29. cxd5 exd5 30. Re2 f3 31. Red2 Nf4 32. g3 Ne2+ 33. Kf1 Rc8 34. Rxd5 Rxd5 35. Rxd5 Nd4 36. Nbc5 bxc5 37. Nxc5 Ne6 38. Ke1 Nxc5 39. bxc5 Ke6 40. Rd3 Rxc5 41. Rxf3 Rc3 42. Rxc3 Bxc3+ 0-1

[Event "COL-ch sf"]
[Site "Santa Rosa"]
[Date "2021.08.14"]
[Round "6"]
[White "Cardona Marin, Fabio"]
[Black "Valderrama Castano, Julian Camilo"]
[Result "0-1"]
[WhiteElo "2001"]
[BlackElo "1910"]
[PlyCount "76"]
[EventDate "2021.08.11"]
[EventType "swiss"]
[EventRounds "11"]
[EventCountry "COL"]
[SourceTitle "CBM 204 Extra"]
[Source "ChessBase"]
[SourceDate "2021.11.30"]
[SourceVersion "1"]
[SourceVersionDate "2021.11.30"]
[SourceQuality "1"]

1. d4 f5 2. g3 Nf6 3. Bg2 g6 4. c4 Bg7 5. Nc3 0-0 6. Nf3 d6 7. 0-0 Nc6 8. Bg5 Ne4 9. Be3 Nxc3 10. bxc3 e5 11. Bg5 Qe8 12. Bc1 Qf7 13. dxe5 dxe5 14. Ng5 Qe8 15. Ba3 Rf6 16. Rb1 h6 17. Nf3 g5 18. Nd2 Nd8 19. e3 Be6 20. Bd5 c6 21. Bg2 g4 22. f3 h5 23. Bd6 Nf7 24. c5 b5 25. a4 a6 26. axb5 axb5 27. Ra1 Rd8 28. Nb3 Nxd6 29. cxd6 Bc4 30. Rf2 Rfxd6 31. Qc2 Qd7 32. Na5 Rd1+ 33. Rxd1 Qxd1+ 34. Qxd1 Rxd1+ 35. Bf1 Bxf1 36. Rxf1 Rxf1+ 37. Kxf1 Kf7 38. fxg4 hxg4 0-1

[Event "COL-ch sf"]
[Site "Santa Rosa"]
[Date "2021.08.12"]
[Round "3"]
[White "Valderrama Castano, Julian Camilo"]
[Black "Villamizar Suarez, Oliver Daniel"]
[Result "1-0"]
[WhiteElo "1910"]
[BlackElo "1600"]
[PlyCount "79"]
[EventDate "2021.08.11"]
[EventType "swiss"]
[EventRounds "11"]
[EventCountry "COL"]
[SourceTitle "CBM 204 Extra"]
[Source "ChessBase"]
[SourceDate "2021.11.30"]
[SourceVersion "1"]
[SourceVersionDate "2021.11.30"]
[SourceQuality "1"]

1. e4 e5 2. Nf3 Nc6 3. Bc4 Bc5 4. 0-0 Nf6 5. d3 d6 6. c3 Bg4 7. Nbd2 0-0 8. Bb3 d5 9. exd5 Nxd5 10. Ne4 Be7 11. h3 Bh5 12. Ng3 Bg6 13. Re1 Nf4 14. Nxe5 Nxe5 15. Rxe5 Nxd3 16. Rd5 Bd6 17. Rxd3 Bxd3 18. Qxd3 Qh4 19. Nf5 Qf6 20. Bc2 g6 21. Nxd6 cxd6 22. Bh6 Rfe8 23. Rd1 Rad8 24. Qd4 Qe5 25. Qxe5 dxe5 26. Rxd8 Rxd8 27. Bb3 Rd6 28. Kf1 b6 29. Ke2 g5 30. Bxg5 Rg6 31. Bh4 Rxg2 32. Bg3 Rg1 33. Bxe5 Rh1 34. Bb8 a6 35. Bc7 b5 36. c4 Rxh3 37. c5 Kf8 38. Bf4 Rh4 39. Kf3 Rh5 40. c6 1-0

[Event "Antioquia op"]
[Site "Antioquia"]
[Date "2020.03.07"]
[Round "8"]
[White "Campos Perilla, Felix Santiago"]
[Black "Valderrama Castano, Julian Camilo"]
[Result "0-1"]
[WhiteElo "1552"]
[BlackElo "1933"]
[PlyCount "50"]
[EventDate "2020.03.03"]
[EventType "swiss"]
[EventRounds "9"]
[EventCountry "COL"]
[SourceTitle "CBM 195 Extra"]
[Source "ChessBase"]
[SourceDate "2020.05.31"]
[SourceVersion "1"]
[SourceVersionDate "2020.05.31"]
[SourceQuality "1"]

1. e4 e6 2. d4 d5 3. exd5 exd5 4. Nf3 Nc6 5. Bd3 Bd6 6. 0-0 Nge7 7. Nc3 Nb4 8. Re1 Nxd3 9. Qxd3 0-0 10. Be3 Bf5 11. Qd2 c6 12. h3 Ng6 13. Ne2 Qc7 14. c3 f6 15. b4 Be4 16. Ng3 Bxf3 17. gxf3 Nh4 18. Qd1 Bxg3 19. Kf1 Bf4 20. Ke2 Rfe8 21. Kd3 Bxe3 22. fxe3 Qd7 23. Rh1 Qf5+ 24. Kd2 Nxf3+ 25. Kc1 Rxe3 0-1

[Event "Antioquia op"]
[Site "Antioquia"]
[Date "2020.03.06"]
[Round "5"]
[White "Valderrama Castano, Julian Camilo"]
[Black "Gomez Rondon, Samuel"]
[Result "1-0"]
[WhiteElo "1933"]
[BlackElo "1759"]
[PlyCount "75"]
[EventDate "2020.03.03"]
[EventType "swiss"]
[EventRounds "9"]
[EventCountry "COL"]
[SourceTitle "CBM 195 Extra"]
[Source "ChessBase"]
[SourceDate "2020.05.31"]
[SourceVersion "1"]
[SourceVersionDate "2020.05.31"]
[SourceQuality "1"]

1. d4 d5 2. Nc3 e6 3. e4 c6 4. e5 Bb4 5. Qg4 g6 6. Nf3 f5 7. Qf4 Nd7 8. a3 Be7 9. h4 h6 10. g4 g5 11. Qh2 fxg4 12. hxg5 gxf3 13. Qh5+ Kf8 14. Rh3 Qe8 15. Rxf3+ Bf6 16. Qxe8+ Kxe8 17. gxf6 Kf7 18. Rg3 c5 19. Be3 cxd4 20. Bxd4 Ngxf6 21. exf6 e5 22. Nxd5 exd4 23. Nc7 Rb8 24. Bc4+ Kxf6 25. Nd5+ Ke5 26. 0-0-0 Nb6 27. Re1+ Kd6 28. Rg6+ Kd7 29. Bb5+ Kd8 30. Rd6+ Nd7 31. Bxd7 Bxd7 32. Re7 Rf8 33. Rdxd7+ Kc8 34. Rf7 Rxf7 35. Rxf7 b6 36. Rf8+ Kb7 37. Rxb8+ Kxb8 38. Nf4 1-0

[Event "Medellin Aristizabal Cup"]
[Site "Medellin"]
[Date "2020.02.01"]
[Round "5"]
[White "Ramos Ariza, Juan Manuel"]
[Black "Valderrama Castano, Julian Camilo"]
[Result "0-1"]
[WhiteElo "1985"]
[BlackElo "1912"]
[PlyCount "52"]
[EventDate "2020.01.29"]
[EventType "swiss"]
[EventRounds "7"]
[EventCountry "COL"]
[SourceTitle "CBM 194 Extra"]
[Source "ChessBase"]
[SourceDate "2020.03.31"]
[SourceVersion "1"]
[SourceVersionDate "2020.03.31"]
[SourceQuality "1"]

1. Nf3 f5 2. d4 Nf6 3. c4 g6 4. Nc3 Bg7 5. Bg5 Ne4 6. h4 c5 7. e3 Qa5 8. Bd3 Nxc3 9. bxc3 Qxc3+ 10. Kf1 Nc6 11. Rc1 Qa5 12. Bb1 d6 13. h5 h6 14. Bf4 g5 15. Bg3 0-0 16. d5 Ne5 17. Bxe5 dxe5 18. Qb3 e4 19. Ne1 f4 20. Bxe4 fxe3 21. f3 Qd2 22. Qc2 e2+ 23. Kg1 Qe3+ 24. Kh2 Be5+ 25. g3 Qf2+ 26. Ng2 Bxg3# 0-1

[Event "Medellin Aristizabal Cup"]
[Site "Medellin"]
[Date "2020.01.30"]
[Round "2"]
[White "Valderrama Castano, Julian Camilo"]
[Black "Norena Marin, Jeronimo"]
[Result "1-0"]
[WhiteElo "1912"]
[BlackElo "1345"]
[PlyCount "41"]
[EventDate "2020.01.29"]
[EventType "swiss"]
[EventRounds "7"]
[EventCountry "COL"]
[SourceTitle "CBM 194 Extra"]
[Source "ChessBase"]
[SourceDate "2020.03.31"]
[SourceVersion "1"]
[SourceVersionDate "2020.03.31"]
[SourceQuality "1"]

1. e4 d5 2. exd5 Nf6 3. d4 Qxd5 4. Nc3 Qd8 5. Nf3 Nc6 6. Bb5 Bd7 7. 0-0 a6 8. Bxc6 Bxc6 9. Ne5 Bd5 10. Nxd5 Qxd5 11. c4 Qe4 12. Re1 Qh4 13. Be3 Rd8 14. Qb3 b6 15. c5 Nd5 16. cxb6 cxb6 17. Qa4+ b5 18. Qxa6 Nf6 19. Qxb5+ Nd7 20. Rac1 Qf6 21. Nxd7 1-0

[Event "COL-ch sf1"]
[Site "Medellin"]
[Date "2019.04.16"]
[Round "1"]
[White "Valderrama Castano, Julian Camilo"]
[Black "Rios, Cristhian Camilo"]
[Result "0-1"]
[WhiteElo "1970"]
[BlackElo "2488"]
[PlyCount "94"]
[EventDate "2019.04.16"]
[EventType "swiss"]
[EventRounds "10"]
[EventCountry "COL"]
[SourceTitle "CBM 190 Extra"]
[Source "ChessBase"]
[SourceDate "2019.07.15"]
[SourceVersion "1"]
[SourceVersionDate "2019.07.15"]
[SourceQuality "1"]

1. e4 c6 2. d4 d5 3. f3 e6 4. Nc3 Bb4 5. Qd3 b6 6. Be2 Ba6 7. Qe3 Ne7 8. a3 Bxc3+ 9. Qxc3 c5 10. Be3 e5 11. Bxa6 Nxa6 12. Qb3 cxd4 13. Bxd4 0-0 14. Be3 d4 15. Bd2 Nc5 16. Qa2 a5 17. Nh3 d3 18. c3 a4 19. 0-0 Nb3 20. Rad1 Ra7 21. Nf2 Rd7 22. Rfe1 Nc6 23. Qb1 Nca5 24. Be3 d2 25. Re2 Nc4 26. Qc2 b5 27. h3 Qc7 28. Bg5 f6 29. Bh4 Qc5 30. Kf1 Ne3+ 31. Rxe3 Qxe3 32. Ng4 Qc5 33. Bf2 Qc4+ 34. Kg1 Qe2 35. Ne3 Kh8 36. Nf5 g6 37. Ng3 Qc4 38. Be3 Rd3 39. Nf1 Rfd8 40. Bf2 f5 41. Ne3 Qf7 42. Nd5 R8xd5 43. exd5 Qxd5 44. Bh4 e4 45. fxe4 fxe4 46. Kf1 Qf5+ 47. Kg1 e3 0-1

[Event "COL-chB U2000"]
[Site "Antioquia"]
[Date "2018.12.06"]
[Round "1"]
[White "Pereira Vera, Henry Alberto"]
[Black "Valderrama Castano, Julian Camilo"]
[Result "0-1"]
[WhiteElo "1865"]
[BlackElo "1969"]
[PlyCount "64"]
[EventDate "2018.12.06"]
[EventType "swiss"]
[EventRounds "7"]
[EventCountry "COL"]
[SourceTitle "CBM 190 Extra"]
[Source "ChessBase"]
[SourceDate "2019.07.15"]
[SourceVersion "1"]
[SourceVersionDate "2019.07.15"]
[SourceQuality "1"]

1. b3 f5 2. Nf3 Nf6 3. e3 g6 4. Bb2 Bg7 5. c4 0-0 6. Qc2 d6 7. d4 Qe8 8. b4 Nbd7 9. Nbd2 e5 10. dxe5 dxe5 11. c5 e4 12. Ng5 Ne5 13. Bxe5 Qxe5 14. Bc4+ Kh8 15. 0-0 Ng4 16. g3 Qe7 17. h4 Bxa1 18. Rxa1 h6 19. Nh3 Qf6 20. Rd1 g5 21. hxg5 hxg5 22. Kg2 Kg7 23. Be2 Rh8 24. Nc4 Be6 25. Qb2 Qxb2 26. Nxb2 Rxh3 27. Kxh3 Nxf2+ 28. Kg2 Nxd1 29. Nxd1 Rd8 30. Nc3 Rd2 31. Kf1 Rc2 32. Nb5 Rxe2 0-1